Preservativo del carbunco en los ganados, o sea Compendio descriptivo y detallado de los adelantos observados en la Comisión al extranjero / (Record no. 162938)

MARC details
000 -LEADER
campo de control de longitud fija 01093nam a22002295i 4500
001 - NÚMERO DE CONTROL
campo de control 162938
003 - IDENTIFICADOR DE NÚMERO DE CONTROL
campo de control ES-MaACL
005 - FECHA Y HORA DE LA ÚLTIMA TRANSACCIÓN
campo de control 20250716063321.0
008 - DATOS DE LONGITUD FIJA--INFORMACIÓN GENERAL
campo de control de longitud fija 990315s1883 sp |||| | spa d
040 ## - FUENTE DE CATALOGACIÓN
Centro catalogador/agencia de origen CYL
Lengua de catalogación spa
Centro/agencia transcriptor CYL
100 1# - ENTRADA PRINCIPAL--NOMBRE DE PERSONA
Nombre de persona Ramón y Vidal, Juan,
Fechas asociadas al nombre 1850-
Término indicativo de función/relación Autor
9 (RLIN) 131576
245 10 - MENCIÓN DEL TÍTULO
Título Preservativo del carbunco en los ganados, o sea Compendio descriptivo y detallado de los adelantos observados en la Comisión al extranjero /
Mención de responsabilidad, etc. desempeñada por Juan Ramón y Vidal.
260 ## - PUBLICACIÓN, DISTRIBUCIÓN, ETC.
Lugar de publicación, distribución, etc. Madrid :
Nombre del editor, distribuidor, etc. [s.n.],
Fecha de publicación, distribución, etc. 1883
Fabricante (Imp. y Litografía de Nicolás González)
300 ## - DESCRIPCIÓN FÍSICA
Extensión 87 páginas, [15] hojas de láminas ;
Dimensiones 21 cm.
599 #1 - NOTA A LAS ILUSTRACIONES
NOTA A LAS ILUSTRACIONES Las h. de grab. lit.
650 #4 - PUNTO DE ACCESO ADICIONAL DE MATERIA--TÉRMINO DE MATERIA
Término de materia o nombre geográfico como elemento de entrada Carbunco.
9 (RLIN) 152636
740 0# - ENTRADA AGREGADA--TÍTULO RELACIONADO/ANALÍTICO NO CONTROLADO
Título relacionado o analítico no controlado Compendio descriptivo y detallado de los adelantos observados en la Comisión al extranjero.
852 ## - LOCALIZACIÓN
Ubicación ES-MaACL
Ubicación en estantería Depósito folletos
Anotaciones manuscritas Ded. del autor a Felipe Benicio Navarro
Donativo/Legado Donativo de Felipe Benicio Navarro
Número de control de estantería T-465-F-1
Encuadernación Enc. en un vol. facticio
-- Holandesa, falto de cub. original
942 ## - ELEMENTOS DE ENTRADA SECUNDARIOS (KOHA)
Fuente del sistema de clasificación o colocación Clasificación decimal universal
Tipo de ítem Koha Folleto
Suprimir en OPAC No
Holdings
Estatus retirado Estado de pérdida Fuente del sistema de clasificación o colocación Estado de daño No para préstamo Colección Biblioteca de origen Biblioteca actual Ubicación en estantería Fecha de adquisición Fuente de adquisición Total de préstamos Signatura topográfica completa Código de barras Visto por última vez Tipo de ítem Koha
    Clasificación decimal universal     Colección de folletos Biblioteca del Ateneo de Madrid Biblioteca del Ateneo de Madrid Depósito folletos 17/01/2008 Donación   T-465-F-1 1170718 23/02/2023 Folleto